[Event "13th Dortmund Meeting"]
[Site "Dortmund GER"]
[Date "1985.09.10"]
[Round "1"]
[White "Bischoff, Klaus"]
[Black "Razuvaev, Yury"]
[WhiteElo "2415"]
[BlackElo "2520"]
[Result "0-1"]
[EventDate "1985.09.10"]
[PlyCount "96"]

1.Nf3 d5 2.d4 Nf6 3.c4 e6 4.Nc3 Be7 5.Bg5 h6 6.Bh4 O-O 7.e3 b6 8.Qb3 Bb7 
9.Bxf6 Bxf6 10.cxd5 exd5 11.Rd1 Re8 12.a3 c5 13.dxc5 Nd7 14.Nxd5 Nxc5 15.
Qa2 Bxb2 16.Bb5 Re6 17.Nf4 Bc3+ 18.Ke2 Qf6 19.Nxe6 fxe6 20.h4 Rf8 21.Rh3 
a6 22.Bd3 Bc6 23.Bc4 b5 24.Rd6 Be4 25.Rxe6 Nxe6 26.Bxe6+ Kh8 27.Bd5 Bf5 
28.Rh1 Qg6 29.Kf1 Bb1 30.Qb3 Qd3+ 31.Kg1 Bc2 32.Qa2 Bb1 33.Qb3 Bc2 34.Qa2 
a5 35.Kh2 b4 36.axb4 axb4 37.Nd4 Bxd4 38.exd4 b3 39.Qa3 Rb8 40.Qd6 Qb5 41.
Re1 b2 42.Re7 b1=Q 43.Rxg7 Qxd5 44.Qxd5 Kxg7 45.Qe5+ Kf7 46.Qc7+ Kg8 47.
Qg3+ Bg6 48.h5 Rb5 0-1

[Event "13th Dortmund Meeting"]
[Site "Dortmund GER"]
[Date "1985.09.10"]
[Round "1"]
[White "Kindermann, Stefan"]
[Black "Garcia Palermo, Carlos"]
[WhiteElo "2480"]
[BlackElo "2515"]
[Result "1-0"]
[EventDate "1985.09.10"]
[PlyCount "82"]

1.e4 c6 2.d4 d5 3.exd5 cxd5 4.c4 Nf6 5.Nc3 e6 6.Nf3 Bb4 7.cxd5 Nxd5 8.Bd2 
Nc6 9.Bd3 Be7 10.O-O Bf6 11.Qe2 Bxd4 12.Nxd5 Qxd5 13.Be4 Qd6 14.Bxc6+ bxc6
15.Nxd4 Qxd4 16.Bc3 Qa4 17.Qe5 f6 18.Qd6 Bd7 19.Rad1 c5 20.Rfe1 O-O-O 21.
Qxc5+ Bc6 22.b3 Qb5 23.Qxa7 Qg5 24.Qa6+ Bb7 25.Qxe6+ Kb8 26.Qh3 Rxd1 27.
Rxd1 Rc8 28.Bd2 Qg6 29.Bf4+ Ka8 30.b4 Rc3 31.Be3 Rd3 32.Rc1 f5 33.b5 Qd6 
34.Qh5 g6 35.Qe2 f4 36.Bc5 f3 37.Qe1 Qd8 38.b6 Rd2 39.Be3 Rxa2 40.Ra1 Qd5 
41.Bf4 Bc6 1-0

[Event "13th Dortmund Meeting"]
[Site "Dortmund GER"]
[Date "1985.09.10"]
[Round "1"]
[White "Rogers, Ian"]
[Black "Polgar, Zsuzsa"]
[WhiteElo "2510"]
[BlackElo "2430"]
[Result "1-0"]
[EventDate "1985.09.10"]
[PlyCount "86"]

1.d4 Nf6 2.Nf3 g6 3.Nc3 d5 4.Bf4 Bg7 5.e3 O-O 6.Be2 b6 7.Ne5 c5 8.h4 Bb7 
9.h5 Nc6 10.hxg6 fxg6 11.Bb5 Nxe5 12.dxe5 Nd7 13.Qg4 Rf5 14.O-O-O Nxe5 15.
Qh3 h5 16.Bxe5 Rxe5 17.f4 Rf5 18.e4 Rxf4 19.Qe6+ Kh7 20.Nxd5 Bxd5 21.Rxd5 
Qf8 22.Bd3 c4 23.Bxc4 Qf6 24.Qxf6 Bxf6 25.Bd3 Kg7 26.e5 Bg5 27.Kb1 Raf8 
28.Rd7 Rf2 29.Rxa7 Rxg2 30.Rb7 Be3 31.Rxe7+ Rf7 32.Re8 Rf8 33.Re6 Rf4 34.
a3 h4 35.Re7+ Kh6 36.e6 Rg5 37.b4 Re5 38.Ka2 Kg5 39.Re8 Rf6 40.e7 Bf2 41.
Rf8 Rxe7 42.Rxf6 Kxf6 43.Rf1 h3 1-0

[Event "13th Dortmund Meeting"]
[Site "Dortmund GER"]
[Date "1985.09.11"]
[Round "2"]
[White "Lau, Ralf"]
[Black "Gutman, Lev"]
[WhiteElo "2460"]
[BlackElo "2485"]
[Result "0-1"]
[EventDate "1985.09.10"]
[PlyCount "64"]

1.e4 c5 2.Nf3 d6 3.d4 cxd4 4.Nxd4 Nf6 5.Nc3 a6 6.a4 e5 7.Nf3 h6 8.Bc4 Be7 
9.O-O O-O 10.Re1 Be6 11.Nd5 Nbd7 12.b3 Bxd5 13.Bxd5 Nxd5 14.Qxd5 Qc7 15.c4
Nc5 16.Re3 Rab8 17.Ba3 Ne6 18.g3 Rfd8 19.Bb4 h5 20.Kg2 h4 21.Rf1 Qc8 22.
Ng1 Nd4 23.Rd3 Qc6 24.f4 Qxd5 25.exd5 Nc2 26.Bd2 b5 27.axb5 axb5 28.fxe5 
bxc4 29.bxc4 dxe5 30.Bc3 e4 31.Rd4 Nxd4 32.Bxd4 Rb4 0-1

[Event "13th Dortmund Meeting"]
[Site "Dortmund GER"]
[Date "1985.09.11"]
[Round "2"]
[White "Razuvaev, Yury"]
[Black "Hort, Vlastimil"]
[WhiteElo "2520"]
[BlackElo "2545"]
[Result "1/2-1/2"]
[EventDate "1985.09.10"]
[PlyCount "28"]

1.d4 Nf6 2.c4 e6 3.Nf3 b6 4.Nc3 Bb7 5.a3 d5 6.cxd5 Nxd5 7.Qc2 c5 8.dxc5 
Bxc5 9.Bg5 Qc8 10.Rc1 h6 11.Bh4 Nc6 12.Nxd5 exd5 13.e3 O-O 14.Be2 a5 
1/2-1/2

[Event "13th Dortmund Meeting"]
[Site "Dortmund GER"]
[Date "1985.09.12"]
[Round "3"]
[White "Gutman, Lev"]
[Black "Razuvaev, Yury"]
[WhiteElo "2485"]
[BlackElo "2520"]
[Result "1-0"]
[EventDate "1985.09.10"]
[PlyCount "113"]

1.Nf3 Nf6 2.g3 b6 3.Bg2 Bb7 4.O-O e6 5.c4 Be7 6.b3 O-O 7.Bb2 d5 8.e3 Nbd7 
9.Qe2 c5 10.d3 Qc7 11.Nbd2 e5 12.cxd5 Nxd5 13.Nc4 Bf6 14.e4 Nb4 15.Ne3 Qd6
16.Rfd1 g6 17.h4 h5 18.Bh3 Nc6 19.Nc4 Qe7 20.Bxd7 Qxd7 21.Ncxe5 Nxe5 22.
Bxe5 Bxe5 23.Nxe5 Qe6 24.Nf3 Rad8 25.Qe3 Rd7 26.Rd2 Rfd8 27.Rad1 Qf6 28.
Ng5 Qe5 29.f4 Qc3 30.Kf2 Qf6 31.Nf3 Qe6 32.Kg1 Rd6 33.Ng5 Qd7 34.Kh2 f6 
35.Nf3 Re8 36.Qf2 Bc8 37.e5 fxe5 38.Nxe5 Qh3+ 39.Kg1 Bb7 40.Qh2 Qe6 41.d4 
cxd4 42.Rxd4 Red8 43.Rxd6 Rxd6 44.Rxd6 Qxd6 45.Qc2 Kg7 46.Kh2 Ba8 47.g4 
hxg4 48.Kg3 Bb7 49.Qc3 Ba6 50.Qc6 Qxc6 51.Nxc6 Bb5 52.Nxa7 Bd7 53.a4 Be6 
54.b4 Bd7 55.b5 Be6 56.Nc6 Bd7 57.Ne7 1-0

[Event "13th Dortmund Meeting"]
[Site "Dortmund GER"]
[Date "1985.09.12"]
[Round "3"]
[White "Hort, Vlastimil"]
[Black "Garcia Palermo, Carlos"]
[WhiteElo "2545"]
[BlackElo "2515"]
[Result "1/2-1/2"]
[EventDate "1985.09.10"]
[PlyCount "64"]

1.e4 c6 2.d4 d5 3.Nd2 dxe4 4.Nxe4 Bf5 5.Ng3 Bg6 6.h4 h6 7.Nf3 Nd7 8.h5 Bh7
9.Bd3 Bxd3 10.Qxd3 Qc7 11.Bd2 e6 12.O-O-O Ngf6 13.Kb1 c5 14.Qe2 Be7 15.c4 
cxd4 16.Rh4 d3 17.Qxd3 Nc5 18.Qe2 O-O-O 19.Be3 Rxd1+ 20.Qxd1 Rd8 21.Qc2 a6
22.a3 Nfd7 23.Rd4 Ne5 24.Rxd8+ Bxd8 25.Bxc5 Qxc5 26.Ne4 Qc7 27.c5 Nxf3 28.
Nd6+ Kb8 29.gxf3 Be7 30.Nxf7 Bxc5 31.Qg6 Qd7 32.Qxg7 Qd1+ 1/2-1/2

[Event "13th Dortmund Meeting"]
[Site "Dortmund GER"]
[Date "1985.09.12"]
[Round "3"]
[White "Kindermann, Stefan"]
[Black "Polgar, Zsuzsa"]
[WhiteElo "2480"]
[BlackElo "2430"]
[Result "1/2-1/2"]
[EventDate "1985.09.10"]
[PlyCount "54"]

1.e4 e5 2.Nf3 Nc6 3.Bb5 Nf6 4.O-O Nxe4 5.d4 Be7 6.Qe2 Nd6 7.Bxc6 bxc6 8.
dxe5 Nb7 9.Nc3 O-O 10.Be3 Nc5 11.Rfe1 Ne6 12.Rad1 Rb8 13.b3 Bb4 14.Bd2 d5 
15.exd6 cxd6 16.Na4 d5 17.Bxb4 Rxb4 18.Qd2 Qd6 19.c3 Rf4 20.Ne5 Rf5 21.Nd3
Ba6 22.b4 Rh5 23.h3 Bxd3 24.Qxd3 Rg5 25.g3 h5 26.h4 Rg4 27.Qe3 a5 1/2-1/2

[Event "13th Dortmund Meeting"]
[Site "Dortmund GER"]
[Date "1985.09.12"]
[Round "3"]
[White "Rogers, Ian"]
[Black "Lau, Ralf"]
[WhiteElo "2510"]
[BlackElo "2460"]
[Result "1-0"]
[EventDate "1985.09.10"]
[PlyCount "55"]

1.d4 Nf6 2.c4 e6 3.g3 Bb4+ 4.Nc3 c5 5.Nf3 Ne4 6.Qd3 Qa5 7.Qxe4 Bxc3+ 8.Bd2
Bxd2+ 9.Nxd2 Nc6 10.d5 Nd4 11.Bg2 Nb3 12.Rd1 Nxd2 13.Rxd2 Qxa2 14.O-O O-O 
15.dxe6 fxe6 16.Rfd1 Qb3 17.Qh4 Rf6 18.Be4 h6 19.Bc2 Qb4 20.Qe4 Kf7 21.h4 
Rb8 22.h5 Qxb2 23.Qh7 Qc3 24.Bg6+ Rxg6 25.hxg6+ Ke7 26.Rd3 Qb2 27.Qg8 Qf6 
28.Rf3 1-0

[Event "13th Dortmund Meeting"]
[Site "Dortmund GER"]
[Date "1985.09.13"]
[Round "4"]
[White "Garcia Palermo, Carlos"]
[Black "Gutman, Lev"]
[WhiteElo "2515"]
[BlackElo "2485"]
[Result "1/2-1/2"]
[EventDate "1985.09.10"]
[PlyCount "84"]

1.d4 Nf6 2.c4 g6 3.Nc3 Bg7 4.g3 d5 5.cxd5 Nxd5 6.Bg2 Nxc3 7.bxc3 O-O 8.Nf3
c5 9.O-O Nc6 10.e3 cxd4 11.cxd4 Be6 12.Bd2 Bc4 13.Re1 Rc8 14.Bc3 Qd7 15.a4
Rfd8 16.Qb1 b6 17.Qb2 e6 18.Nd2 Ne7 19.Nxc4 Rxc4 20.Bf1 Rc7 21.a5 Nd5 22.
Bd2 bxa5 23.Bxa5 Nb6 24.Reb1 e5 25.dxe5 Qf5 26.Bxb6 axb6 27.f4 Bf8 28.Qxb6
Rdc8 29.Re1 Rc2 30.Qb7 Bb4 31.Qxb4 Qh5 32.Re2 Rxe2 33.Bxe2 Qxe2 34.Qe1 Qf3
35.Rc1 Rd8 36.Qf2 Qe4 37.Qe2 Rd3 38.Kf2 Qd5 39.Rc2 Rd1 40.e6 Rh1 41.exf7+ 
Kg7 42.f8=Q+ Kxf8 1/2-1/2

[Event "13th Dortmund Meeting"]
[Site "Dortmund GER"]
[Date "1985.09.13"]
[Round "4"]
[White "Polgar, Zsuzsa"]
[Black "Bischoff, Klaus"]
[WhiteElo "2430"]
[BlackElo "2415"]
[Result "0-1"]
[EventDate "1985.09.10"]
[PlyCount "84"]

1.d4 Nf6 2.c4 e6 3.Nc3 Bb4 4.a3 Bxc3+ 5.bxc3 Ne4 6.e3 f5 7.Qh5+ g6 8.Qh6 
Qg5 9.Qh3 Qe7 10.Ne2 d6 11.f3 Ng5 12.Qg3 Nf7 13.a4 c5 14.d5 e5 15.e4 fxe4 
16.fxe4 Nd7 17.Qd3 Nf6 18.h3 h5 19.g3 h4 20.Bg2 hxg3 21.Nxg3 Bd7 22.Bd2 
O-O-O 23.a5 Nh5 24.Nxh5 gxh5 25.O-O-O Rdg8 26.Rdg1 a6 27.Bf1 Qd8 28.Be2 h4
29.Be1 Qxa5 30.Rxg8+ Rxg8 31.Rf1 Qa3+ 32.Kd2 Ng5 33.Bxh4 Nxh3 34.Rf7 Nf4 
35.Qb1 b5 36.Rxf4 exf4 37.cxb5 axb5 38.Bxb5 Bxb5 39.Qxb5 Qa2+ 40.Kd3 Rg3+ 
41.Bxg3 c4+ 42.Kd4 Qd2+ 0-1

[Event "13th Dortmund Meeting"]
[Site "Dortmund GER"]
[Date "1985.09.14"]
[Round "5"]
[White "Razuvaev, Yury"]
[Black "Garcia Palermo, Carlos"]
[WhiteElo "2520"]
[BlackElo "2515"]
[Result "0-1"]
[EventDate "1985.09.10"]
[PlyCount "54"]

1.d4 d5 2.Nf3 Nf6 3.c4 dxc4 4.Nc3 c5 5.d5 e6 6.e4 exd5 7.e5 Nfd7 8.Bg5 Be7
9.Bxe7 Qxe7 10.Nxd5 Qd8 11.Bxc4 Nc6 12.Qc2 Qa5+ 13.Kf1 Nf8 14.Ng5 Be6 15.
Ne4 O-O-O 16.Nd6+ Kb8 17.f4 f6 18.Qb3 b6 19.Ne7 Nxe7 20.Bxe6 Nxe6 21.Qxe6 
Nc8 22.Rd1 Qa4 23.b3 Qxf4+ 24.Ke2 Nxd6 25.Rxd6 Qe4+ 26.Kf2 Rhe8 27.Qc4 
Qf5+ 0-1

[Event "13th Dortmund Meeting"]
[Site "Dortmund GER"]
[Date "1985.09.14"]
[Round "5"]
[White "Suba, Mihai"]
[Black "Lau, Ralf"]
[WhiteElo "2505"]
[BlackElo "2460"]
[Result "1/2-1/2"]
[EventDate "1985.09.10"]
[PlyCount "74"]

1.d4 Nf6 2.c4 e6 3.Nc3 Bb4 4.e3 c5 5.Bd3 Nc6 6.Ne2 d5 7.O-O dxc4 8.Bxc4 
O-O 9.a3 Bxc3 10.bxc3 e5 11.Ba2 Be6 12.Bxe6 fxe6 13.Rb1 Rf7 14.dxc5 Qxd1 
15.Rxd1 Ne4 16.f3 Nxc5 17.e4 b6 18.Be3 Nb7 19.Bf2 Rd8 20.Rxd8+ Ncxd8 21.
Bg3 Nc6 22.Rd1 Nc5 23.Rd6 Rc7 24.Kf2 Kf7 25.Rd1 Rd7 26.Rxd7+ Nxd7 27.Nc1 
Nc5 28.Ke2 Ke7 29.Nd3 Kd6 30.Nb2 Na5 31.a4 Nd7 32.Kd3 Kc6 33.Bf2 g6 34.c4 
Nb3 35.Be3 Nbc5+ 36.Kc3 a5 37.Bg5 Kd6 1/2-1/2

[Event "13th Dortmund Meeting"]
[Site "Dortmund GER"]
[Date "1985.09.15"]
[Round "6"]
[White "Lau, Ralf"]
[Black "Garcia Palermo, Carlos"]
[WhiteElo "2460"]
[BlackElo "2515"]
[Result "0-1"]
[EventDate "1985.09.10"]
[PlyCount "52"]

1.d4 d5 2.c4 dxc4 3.Nf3 Nf6 4.e3 e6 5.Bxc4 c5 6.O-O a6 7.a4 Nc6 8.Qe2 cxd4
9.Rd1 Be7 10.exd4 O-O 11.Nc3 Nd5 12.Bd3 Ncb4 13.Bb1 b6 14.Ne5 Bb7 15.Qg4 
f5 16.Qe2 Bf6 17.Bd2 Re8 18.Re1 Nc6 19.Nxc6 Bxc6 20.Qc4 Qd7 21.Nxd5 Bxd5 
22.Qb4 a5 23.Qxb6 Reb8 24.Qc5 Rxb2 25.Be3 Rc8 26.Qa3 Rb3 0-1

[Event "13th Dortmund Meeting"]
[Site "Dortmund GER"]
[Date "1985.09.15"]
[Round "6"]
[White "Polgar, Zsuzsa"]
[Black "Gutman, Lev"]
[WhiteElo "2430"]
[BlackElo "2485"]
[Result "1/2-1/2"]
[EventDate "1985.09.10"]
[PlyCount "81"]

1.d4 Nf6 2.c4 g6 3.Nc3 Bg7 4.e4 O-O 5.Be3 c6 6.e5 Ne8 7.f4 d6 8.Be2 f6 9.
Nf3 dxe5 10.dxe5 Qa5 11.Qb3 Na6 12.exf6 exf6 13.a3 Nd6 14.O-O Re8 15.Bf2 
Be6 16.Rad1 Nc5 17.Qb4 Qxb4 18.axb4 Nce4 19.Nxe4 Nxe4 20.Bd4 Bf7 21.Bd3 
Nd6 22.c5 Nb5 23.Bxb5 cxb5 24.Bc3 Bc4 25.Rfe1 Rxe1+ 26.Rxe1 Kf7 27.Rd1 Be6
28.Kf2 Bf8 29.h3 a5 30.Ra1 a4 31.g4 Bd5 32.Nd4 Bc6 33.f5 gxf5 34.Nxf5 Ra6 
35.Kg3 b6 36.Nd6+ Ke6 37.Re1+ Kd7 38.Rd1 bxc5 39.Nxb5+ Kc8 40.Nd6+ Bxd6+ 
41.Rxd6 1/2-1/2

[Event "13th Dortmund Meeting"]
[Site "Dortmund GER"]
[Date "1985.09.15"]
[Round "6"]
[White "Rogers, Ian"]
[Black "Bischoff, Klaus"]
[WhiteElo "2510"]
[BlackElo "2415"]
[Result "1/2-1/2"]
[EventDate "1985.09.10"]
[PlyCount "30"]

1.g3 e5 2.Bg2 d5 3.c4 d4 4.d3 a5 5.Nf3 Bb4+ 6.Nbd2 Nc6 7.O-O Nf6 8.Rb1 Be7
9.Ne4 Nxe4 10.dxe4 O-O 11.e3 dxe3 12.Bxe3 Qxd1 13.Rfxd1 Be6 14.b3 f6 15.
Ne1 Rfd8 1/2-1/2

[Event "13th Dortmund Meeting"]
[Site "Dortmund GER"]
[Date "1985.09.15"]
[Round "6"]
[White "Suba, Mihai"]
[Black "Kindermann, Stefan"]
[WhiteElo "2505"]
[BlackElo "2480"]
[Result "1-0"]
[EventDate "1985.09.10"]
[PlyCount "53"]

1.Nf3 c5 2.c4 Nf6 3.g3 b6 4.Bg2 Bb7 5.Nc3 e6 6.d4 cxd4 7.Qxd4 d6 8.Bg5 
Nbd7 9.Nb5 h6 10.Bxf6 Nxf6 11.Rd1 Ne4 12.Nh4 Nc5 13.O-O Bxg2 14.Kxg2 Nb7 
15.f4 a6 16.Nc3 Be7 17.Qxg7 Bf6 18.Qg4 Bxh4 19.f5 h5 20.Qe4 Nc5 21.Qc6+ 
Ke7 22.gxh4 Rg8+ 23.Kh1 exf5 24.Rxf5 Rc8 25.Qf3 Rg7 26.Nd5+ Kf8 27.Qxh5 
1-0

[Event "13th Dortmund Meeting"]
[Site "Dortmund GER"]
[Date "1985.09.16"]
[Round "7"]
[White "Bischoff, Klaus"]
[Black "Suba, Mihai"]
[WhiteElo "2415"]
[BlackElo "2505"]
[Result "1-0"]
[EventDate "1985.09.10"]
[PlyCount "79"]

1.d4 Nf6 2.c4 e6 3.Nf3 c5 4.e3 g6 5.dxc5 Na6 6.Nbd2 Bg7 7.Qc2 O-O 8.Rb1 
Nxc5 9.b4 Na6 10.Be2 b6 11.O-O Bb7 12.Rd1 Qc8 13.a3 d5 14.Bb2 dxc4 15.Qxc4
Qxc4 16.Nxc4 Ne4 17.Nd4 Nc7 18.f3 Nf6 19.Nd6 Rab8 20.e4 Nfe8 21.Nxb7 Rxb7 
22.Nc6 a6 23.a4 b5 24.a5 Bxb2 25.Rxb2 Nf6 26.Rbd2 Re8 27.Rd6 Kf8 28.Kf2 
Ng8 29.Ne5 f6 30.Nd7+ Kf7 31.Nc5 Ra7 32.R1d2 Re7 33.Bd1 f5 34.e5 f4 35.Bb3
Nh6 36.Rd7 Nd5 37.Bxd5 exd5 38.Rxe7+ Kxe7 39.Rxd5 Nf5 40.g3 {time} 1-0

[Event "13th Dortmund Meeting"]
[Site "Dortmund GER"]
[Date "1985.09.16"]
[Round "7"]
[White "Hort, Vlastimil"]
[Black "Rogers, Ian"]
[WhiteElo "2545"]
[BlackElo "2510"]
[Result "1-0"]
[EventDate "1985.09.10"]
[PlyCount "45"]

1.d4 Nf6 2.Nf3 e6 3.c4 c5 4.Nc3 cxd4 5.Nxd4 a6 6.e4 Bb4 7.Bd3 Nc6 8.Nc2 
Be7 9.f4 d6 10.O-O O-O 11.Be3 Re8 12.Kh1 Rb8 13.Qe2 d5 14.e5 dxc4 15.Bxc4 
Nd7 16.Rad1 b5 17.Bd3 Qc7 18.Ne4 f5 19.exf6 Nxf6 20.Nxf6+ Bxf6 21.Bxh7+ 
Kf8 22.Bg6 Rd8 23.Bc5+ 1-0

[Event "13th Dortmund Meeting"]
[Site "Dortmund GER"]
[Date "1985.09.16"]
[Round "7"]
[White "Kindermann, Stefan"]
[Black "Lau, Ralf"]
[WhiteElo "2480"]
[BlackElo "2460"]
[Result "1-0"]
[EventDate "1985.09.10"]
[PlyCount "45"]

1.e4 c5 2.Nf3 d6 3.d4 cxd4 4.Nxd4 Nf6 5.Nc3 a6 6.f4 e5 7.Nf3 Nbd7 8.a4 Be7
9.Bc4 Qa5 10.Qe2 b5 11.Ba2 bxa4 12.O-O O-O 13.Kh1 Rb8 14.Bc4 Rb4 15.b3 
exf4 16.Bxf4 Qc7 17.e5 axb3 18.cxb3 dxe5 19.Nxe5 Bd6 20.Nxd7 Bxd7 21.Bxd6 
Qxd6 22.Rad1 Qc6 23.Rxf6 1-0

[Event "13th Dortmund Meeting"]
[Site "Dortmund GER"]
[Date "1985.09.18"]
[Round "8"]
[White "Rogers, Ian"]
[Black "Gutman, Lev"]
[WhiteElo "2510"]
[BlackElo "2485"]
[Result "1-0"]
[EventDate "1985.09.10"]
[PlyCount "63"]

1.e4 c5 2.c4 d6 3.Nc3 Nc6 4.g3 h5 5.h3 f5 6.Nf3 fxe4 7.Nxe4 Nf6 8.Bd3 e5 
9.Neg5 Rh6 10.Nh4 Ng4 11.Be4 Qxg5 12.d3 Qf6 13.hxg4 g5 14.Nf5 Rh8 15.Be3 
Bd7 16.Qe2 O-O-O 17.O-O-O Kb8 18.Qd2 Rc8 19.Bxg5 Qf7 20.Kb1 Be6 21.Ne3 Nd4
22.f4 exf4 23.gxf4 Qe8 24.Qg2 Rc7 25.f5 Rg8 26.Bf4 Bc8 27.g5 Qa4 28.b3 Qa5
29.Qd2 Qa3 30.Nc2 Nxc2 31.Qxc2 Rf7 32.f6 1-0

[Event "13th Dortmund Meeting"]
[Site "Dortmund GER"]
[Date "1985.09.19"]
[Round "9"]
[White "Bischoff, Klaus"]
[Black "Lau, Ralf"]
[WhiteElo "2415"]
[BlackElo "2460"]
[Result "1/2-1/2"]
[EventDate "1985.09.10"]
[PlyCount "33"]

1.c4 Nf6 2.Nc3 c5 3.g3 e6 4.Nf3 b6 5.Bg2 Bb7 6.O-O Be7 7.d4 Ne4 8.Bd2 O-O 
9.Nxe4 Bxe4 10.Bc3 Bf6 11.Rc1 d6 12.Qd2 Qc7 13.Qe3 Qb7 14.Rfd1 cxd4 15.
Bxd4 Be7 16.b3 Nd7 17.Ba1 1/2-1/2

[Event "13th Dortmund Meeting"]
[Site "Dortmund GER"]
[Date "1985.09.19"]
[Round "9"]
[White "Gutman, Lev"]
[Black "Suba, Mihai"]
[WhiteElo "2485"]
[BlackElo "2505"]
[Result "0-1"]
[EventDate "1985.09.10"]
[PlyCount "97"]

1.Nf3 Nf6 2.g3 b6 3.Bg2 Bb7 4.O-O e6 5.c4 c5 6.d4 cxd4 7.Qxd4 d6 8.Nc3 a6 
9.b3 Nbd7 10.Ba3 Nc5 11.Rad1 Be7 12.e4 Qc8 13.h3 O-O 14.Qe3 Re8 15.e5 dxe5
16.Nxe5 Bxg2 17.Kxg2 Qc7 18.f4 Bf8 19.Qf3 Rac8 20.Bxc5 Bxc5 21.Rd3 Bd6 22.
Ng4 Nxg4 23.hxg4 Bb4 24.Ne4 Red8 25.Rfd1 h6 26.g5 hxg5 27.fxg5 Rxd3 28.
Rxd3 Qe5 29.Rd7 Qf5 30.g4 Qg6 31.Nf2 Rf8 32.Nd3 Bc3 33.Nf2 Qc2 34.Qd3 Qb2 
35.Rd8 g6 36.Kf3 Rxd8 37.Qxd8+ Kg7 38.Nd1 Qd2 39.Qxd2 Bxd2 40.Ne3 Kf8 41.
Ke4 Ke7 42.Kd3 Bc1 43.b4 Kd6 44.Ke4 Kc6 45.Kd3 a5 46.bxa5 bxa5 47.Nc2 Bxg5
48.Nd4+ Kd6 49.Nb3 0-1

[Event "13th Dortmund Meeting"]
[Site "Dortmund GER"]
[Date "1985.09.19"]
[Round "9"]
[White "Hort, Vlastimil"]
[Black "Kindermann, Stefan"]
[WhiteElo "2545"]
[BlackElo "2480"]
[Result "0-1"]
[EventDate "1985.09.10"]
[PlyCount "65"]

1.d4 Nf6 2.c4 e6 3.Nf3 c5 4.Nc3 cxd4 5.Nxd4 Bb4 6.g3 O-O 7.Bg2 d5 8.cxd5 
Nxd5 9.Qb3 Qb6 10.e3 Nc6 11.Nxc6 bxc6 12.Bd2 Qa6 13.Rd1 Rb8 14.a3 Bxc3 15.
Qxb8 Bb7 16.Qd6 Bxb2 17.Bxd5 Bxa3 18.Bb4 Bxb4+ 19.Qxb4 cxd5 20.Qd4 Rc8 21.
Qd3 Qa5+ 22.Qd2 Qb5 23.f3 d4 24.Rf1 e5 25.Kf2 h6 26.Kg1 Rc3 27.exd4 Rxf3 
28.Rxf3 Bxf3 29.Re1 exd4 30.Qxd4 Bb7 31.Kf2 Qc6 32.Ke3 a5 33.Re2 {time} 
0-1

[Event "13th Dortmund Meeting"]
[Site "Dortmund GER"]
[Date "1985.09.19"]
[Round "9"]
[White "Razuvaev, Yury"]
[Black "Rogers, Ian"]
[WhiteElo "2520"]
[BlackElo "2510"]
[Result "1-0"]
[EventDate "1985.09.10"]
[PlyCount "79"]

1.d4 d5 2.Nf3 Nf6 3.c4 c6 4.Nc3 dxc4 5.a4 Bg4 6.Ne5 Bh5 7.g3 e6 8.Bg2 Bb4 
9.O-O O-O 10.Nxc4 a5 11.Ne5 Na6 12.h3 Nd5 13.Bd2 f6 14.Nf3 Qd7 15.e3 Rfe8 
16.Qe2 Nb6 17.Rfd1 Kh8 18.e4 Bf8 19.Be3 Qd8 20.g4 Bf7 21.h4 Nb4 22.h5 Nd7 
23.Bf4 Qb6 24.Rac1 e5 25.dxe5 Nxe5 26.Nxe5 fxe5 27.Be3 Qa6 28.Qf3 Bb3 29.
Rd7 Rad8 30.Rxd8 Rxd8 31.Bg5 Re8 32.Nb5 cxb5 33.Qxb3 h6 34.axb5 Qxb5 35.
Qf7 hxg5 36.Bf1 Qa4 37.b3 Qa3 38.Rc7 Nd5 39.exd5 Qb4 40.Qxe8 1-0

[Event "13th Dortmund Meeting"]
[Site "Dortmund GER"]
[Date "1985.09.20"]
[Round "10"]
[White "Kindermann, Stefan"]
[Black "Gutman, Lev"]
[WhiteElo "2480"]
[BlackElo "2485"]
[Result "1-0"]
[EventDate "1985.09.10"]
[PlyCount "63"]

1.e4 c5 2.Nc3 d6 3.Nge2 Nf6 4.g3 b5 5.Bg2 Bb7 6.a3 e6 7.d3 a6 8.O-O Qc7 9.
h3 Be7 10.f4 Nc6 11.Be3 Rd8 12.Bf2 d5 13.e5 Nd7 14.d4 b4 15.axb4 cxb4 16.
Na4 f5 17.g4 O-O 18.gxf5 Rxf5 19.Be3 Bh4 20.Bf3 h5 21.Kh2 Rdf8 22.Rg1 a5 
23.Kh1 Ba6 24.Ng3 Bxg3 25.Rxg3 h4 26.Rg2 Ne7 27.Qe1 Rxf4 28.Bxf4 Rxf4 29.
Qe3 Rf8 30.Qh6 Nf5 31.Qxe6+ Kh8 32.Qxa6 1-0

[Event "13th Dortmund Meeting"]
[Site "Dortmund GER"]
[Date "1985.09.20"]
[Round "10"]
[White "Rogers, Ian"]
[Black "Garcia Palermo, Carlos"]
[WhiteElo "2510"]
[BlackElo "2515"]
[Result "1-0"]
[EventDate "1985.09.10"]
[PlyCount "67"]

1.d4 d5 2.Nf3 Nf6 3.c4 dxc4 4.Nc3 a6 5.e4 b5 6.e5 Nd5 7.Ng5 f6 8.Nxd5 Qxd5
9.Be2 c6 10.Bf3 Qd8 11.exf6 exf6 12.Qe2+ Be7 13.Ne6 Bxe6 14.Qxe6 Qd7 15.
Qe2 O-O 16.O-O Ra7 17.a4 Rc7 18.Bd2 Bd6 19.axb5 axb5 20.Rfe1 Rcc8 21.Qe6+ 
Qxe6 22.Rxe6 Rcd8 23.Ra7 Rf7 24.Ra8 Bc7 25.Bb4 Rfd7 26.Bc5 Be5 27.g3 Bxd4 
28.Bxd4 Rxd4 29.Re7 b4 30.Rb7 c3 31.bxc3 bxc3 32.Rbxb8 c2 33.Rxd8+ Rxd8 
34.Rxd8+ 1-0

[Event "13th Dortmund Meeting"]
[Site "Dortmund GER"]
[Date "1985.09.20"]
[Round "10"]
[White "Suba, Mihai"]
[Black "Razuvaev, Yury"]
[WhiteElo "2505"]
[BlackElo "2520"]
[Result "1/2-1/2"]
[EventDate "1985.09.10"]
[PlyCount "22"]

1.Nf3 Nf6 2.c4 b6 3.g3 Bb7 4.Bg2 e6 5.O-O Be7 6.d4 O-O 7.Qc2 c5 8.dxc5 
bxc5 9.Nc3 d6 10.Bg5 Nbd7 11.Rfd1 Qb6 1/2-1/2

[Event "13th Dortmund Meeting"]
[Site "Dortmund GER"]
[Date "1985.09.21"]
[Round "11"]
[White "Garcia Palermo, Carlos"]
[Black "Suba, Mihai"]
[WhiteElo "2515"]
[BlackElo "2505"]
[Result "1-0"]
[EventDate "1985.09.10"]
[PlyCount "82"]

1.d4 Nf6 2.c4 e6 3.Nc3 Bb4 4.e3 O-O 5.Ne2 d5 6.a3 Be7 7.cxd5 Nxd5 8.Qc2 
Nd7 9.Bd2 N5f6 10.g3 e5 11.Bg2 exd4 12.Nxd4 Ne5 13.O-O c6 14.h3 Re8 15.
Rad1 Bf8 16.Bc1 Qb6 17.f4 Nc4 18.e4 Bc5 19.Na4 Bxd4+ 20.Kh2 Qb5 21.Rxd4 
Nb6 22.Nc5 Nbd7 23.Nxd7 Nxd7 24.Rfd1 Nf8 25.f5 c5 26.a4 Qa5 27.b4 cxb4 28.
Rd5 Qb6 29.Rd6 Qa5 30.R1d5 b3 31.Qxb3 Qc7 32.Bf4 b6 33.Re6 Nxe6 34.Bxc7 
Nxc7 35.Rd1 Rb8 36.Bf1 Rf8 37.Bc4 Ba6 38.Rd7 Bxc4 39.Qxc4 Na8 40.Rxa7 Rbc8
41.Qb3 Rb8 1-0

[Event "13th Dortmund Meeting"]
[Site "Dortmund GER"]
[Date "1985.09.21"]
[Round "11"]
[White "Gutman, Lev"]
[Black "Bischoff, Klaus"]
[WhiteElo "2485"]
[BlackElo "2415"]
[Result "1/2-1/2"]
[EventDate "1985.09.10"]
[PlyCount "55"]

1.d4 e6 2.Nf3 Nf6 3.g3 c5 4.Bg2 cxd4 5.Nxd4 a6 6.O-O Qc7 7.Qd3 Nc6 8.Nxc6 
dxc6 9.Nd2 e5 10.Nc4 Be6 11.Qc3 Nd7 12.Be3 a5 13.a3 Be7 14.b4 axb4 15.axb4
O-O 16.Rfd1 Rfd8 17.h3 h6 18.Kh2 Rxa1 19.Rxa1 Bg5 20.Bxg5 hxg5 21.Ne3 Qb6 
22.Qa3 Nf6 23.Qa5 Qxa5 24.Rxa5 Rd2 25.Kg1 Nd5 26.Nxd5 cxd5 27.c3 e4 28.e3 
1/2-1/2

[Event "13th Dortmund Meeting"]
[Site "Dortmund GER"]
[Date "1985.09.21"]
[Round "11"]
[White "Razuvaev, Yury"]
[Black "Kindermann, Stefan"]
[WhiteElo "2520"]
[BlackElo "2480"]
[Result "1/2-1/2"]
[EventDate "1985.09.10"]
[PlyCount "23"]

1.d4 Nf6 2.Nf3 e6 3.c4 c5 4.Nc3 cxd4 5.Nxd4 a6 6.e4 d6 7.Bd3 Be7 8.O-O O-O
9.b3 b6 10.Bb2 Bb7 11.Qe2 Qc7 12.Rad1 1/2-1/2